Miranda quotes (TV show) - Statistics

General Stats
  • This quiz has been taken 278 times
  • The average score is 10 of 17
Answer Stats
Quote Answer % Correct
When I'm naked in bed and rollover my _______ ____. (Miranda) Breasts clap
88%
A ________ muffin?! Life is full of enough disappointments, Gary! (Miranda) Savoury
86%
____ with, _____ with! (Tilly) Bear
84%
______ (The Queen of all words) Moist
80%
I just saw Gary... I told him I was an _______ _______ (Miranda) Olympic gymnast
80%
Just the general _________ area (Miranda/ Amanda) Yorkshire
72%
______ (The King of all words) Plinth
70%
______ full of soz! (Dreamboat Charlie) Bucket
69%
Booties little booties! To go with the _______! Little _______! (Chris and Alison) Vesties
67%
________, tell me what you think about me (Miranda) Question
59%
Stop it! We're British, sober and no one's going to ______. (Penny) Prison
55%
I haven't got _______ yet... But I am sure it will hit me at any moment (Miranda's dad) Excited
49%
There were... ______ on the carpet? (Miranda) Leaves
49%
Probably dressing pets as ______ __________! (Miranda) Famous detectives
40%
I'm such a dweeby _______ (Miranda) Blurter
39%
"Is it definitely too early for a Mojito?" "Miranda it's ____ ____ ___ in the morning! Of course not!" (Miranda and Clive) Half past ten
39%
Strutting like a _____ ______ are we?! (Miranda) Rabid smurf
22%
No matching quizzes found
Score Distribution
Percent of People with Each Score
Percentile by Number Answered
Your Score History
You have not taken this quiz